Ocio y turismo en la sociedad actual. Los viajes, el tiempo libre y el entretenimiento en el mundo globalizado.
সংরক্ষণ করুন:
| প্রধান লেখক: | |
|---|---|
| বিন্যাস: | গ্রন্থ |
| ভাষা: | স্প্যানিশ |
| প্রকাশিত: |
Madrid, España:
McGrawHill,
2006.
|
| সংস্করন: | Primera edición. |
| বিষয়গুলি: | |
| ট্যাগগুলো: |
ট্যাগ যুক্ত করুন
কোনো ট্যাগ নেই, প্রথমজন হিসাবে ট্যাগ করুন!
|
MARC
| LEADER | 00000nam a22000007a 4500 | ||
|---|---|---|---|
| 003 | CL-VaPUC | ||
| 005 | 20250407202446.0 | ||
| 008 | 250313t2006 ||||| |||| 00| 0 spa d | ||
| 999 | |c 447335 |d 447333 | ||
| 020 | |a 84-481-9845-X | ||
| 040 | |c Pontificia Universidad Católica de Valparaíso | ||
| 082 | |2 22 |a 338.4791 MAR 2006 | ||
| 100 | |9 896847 |a Martínez Quintana, Violante |e autor | ||
| 245 | |a Ocio y turismo en la sociedad actual. |b Los viajes, el tiempo libre y el entretenimiento en el mundo globalizado. | ||
| 250 | |a Primera edición. | ||
| 260 | |a Madrid, España: |b McGrawHill, |c 2006. | ||
| 300 | |a 281 páginas. | ||
| 500 | |a c.1-2: Instituto Arcos. 08-01-2025 | ||
| 583 | |c 20250313 |k Yessy Sthefany Diaz Vidal | ||
| 650 | 0 | |9 525711 |a Industria del turismo |v Historia |y Siglos 19-21 | |
| 650 | 0 | |9 308920 |a Turismo |x Aspectos sociales |z España | |
| 942 | |2 ddc |c BK |n 0 | ||
| 952 | |0 0 |1 0 |2 ddc |4 0 |6 338_479100000000000_MAR_2006 |7 0 |8 A |9 601230 |a BIBINC |b BIBINC |d 2025-03-13 |e Instituto Arcos |i 5666044 |o 338.4791 MAR 2006 |p 5666044 |r 2025-03-13 |t 1 |w 2025-03-13 |y BK |k IFP | ||
| 952 | |0 0 |1 0 |2 ddc |4 0 |6 338_479100000000000_MAR_2006 |7 0 |8 A |9 601231 |a BIBINC |b BIBINC |d 2025-03-13 |e Instituto Arcos |i 5666045 |o 338.4791 MAR 2006 |p 5666045 |r 2025-03-13 |t 2 |w 2025-03-13 |y BK |k IFP | ||